00653nam 22002173 4500001000700000021000700007090001100014100004100025101000800066102000700074200004600081210003300127215002800160606002900188675002500217700003200242801001800274830002900292990001100321995010300332202122 aPT a202122 a20240808d u||y0pory50 ba apor aPT aCavaleiro andantefAlmeida Fariaeromance aLisboacNova Fronteirad1987 a190 p.cbrochadod21 cm aLiteratura Portuguesa96 a821.134.3-3vBRzbra 91040aFariabAlmeidaf1943- aPTbBMMNgRPC cAna FalardofAna Falardo cLIVROS 002052026-05-11931826bBMMNf31546k821.134.3-3 FAR|SAFo0rLIVROSuAcesso Condicionado sOferta